00559nam a2200181Ia 450000500170000000800410001704000190005804100120007708200140008910000140010324500710011726000540018830000270024250400500026965000160031965100320033585000100036720230705092526.0131103s9999 xx 000 0 und d aLoreto College aEnglish a945 bHAY aHay,Denys 4aThe Italian Renaissanceb in its historical background cDenys Hay aCambridgebUniversity Pressc1961 (1962 printing) axii,218 p.b ill.,maps aIncludes bibliographical references and index aRenaissance aItaly - History,1300 - 1494 aLCLIB